| 000 | 01178naa a2200325 c 4500 | ||
|---|---|---|---|
| 001 | 28462 | ||
| 003 | ES-MaCES | ||
| 005 | 19981124140500.0 | ||
| 008 | 951127n1995 xxu ||| | eng d | ||
| 035 | _aCES19980023993v | ||
| 040 |
_aES-MaCES _bspa _cES-MaCES |
||
| 100 | 1 |
_aPark, Albert _920396 |
|
| 245 | 1 | 0 |
_aRural development and dynamic externalities in Taiwan's structural transformation _cAlbert Park and Bruce Johnston |
| 504 | _aContiene notas bibliográficas: p. 203-208 | ||
| 650 | 4 |
_acuadros estadísticos _928890 |
|
| 650 | 4 |
_aTaiwán, China _929180 |
|
| 650 | 4 |
_apolítica de desarrollo _927014 |
|
| 650 | 4 |
_acambio tecnológico _928236 |
|
| 650 | 4 |
_arecursos humanos _928291 |
|
| 650 | 4 |
_apequeña empresa _930173 |
|
| 650 | 4 |
_adesarrollo industrial _927623 |
|
| 650 | 4 |
_adesarrollo agrícola _927491 |
|
| 650 | 4 |
_adesarrollo rural _928607 |
|
| 653 | 1 | 0 | _aDesarrollo regional |
| 700 | 1 |
_aJohnston, Bruce _915492 |
|
| 773 | 0 |
_tEconomic development and cultural change _gChicago. - Vol. 44, no. 1 (Oct. 1995) ; p. 181-208 _w(ES-MaCES)25394 |
|
| 902 | _aART Artículo de revista | ||
| 942 |
_2CES _cAR _h1.1. |
||
| 999 |
_c28462 _d28462 |
||